El fallo

-д хадгалсан:
Номзүйн дэлгэрэнгүй
Үндсэн зохиолч: Samarakes, Antones (Зохиогч)
Формат: Ном
Хэл сонгох:испани
Хэвлэсэн: Barcelona Seix Barral 1971
Цуврал:Biblioteca breve, 308
Нөхцлүүд:
Шошгууд: Шошго нэмэх
Шошго байхгүй, Энэхүү баримтыг шошголох эхний хүн болох!

MARC

LEADER 00000nam a2200000 a 4500
001 UCX2752
003 CL-VaPUC
008 910808e19710000SP |||||||||||||||||spa|d
082 0 4 |a 889.03  |b SAM  |2 21 
100 0 |a Samarakes, Antones  |e author  |9 318826 
245 1 3 |a El fallo 
300 |a 209 p 
942 |c BK 
945 |d 19910808 00:00:00 
260 |a Barcelona  |b Seix Barral  |c 1971 
650 7 |a NOVELAS GRIEGAS  |2 CL-VaPUC  |9 269478 
583 |a last modification  |c 19910808 00:00:00  |k Rodrigo Vera 
490 0 |a Biblioteca breve, 308 
999 |c 223700  |d 223698 
952 |0 0  |1 0  |4 0  |6 889_030000000000000_SAM_1971  |7 0  |8 A  |9 219731  |a BIBEDU  |b BIBEDU  |d 2019-11-15  |i 2884372  |o 889.03 SAM 1971  |p 2884372  |r 2019-11-15  |w 2019-11-15  |y BK  |k LIT